[Event "2022 Zone 4.4 Individual Chess Championship(Open)"]
[Site "Addis Ababa"]
[Date "2022.05.03"]
[Round "3"]
[Board "17"]
[White "Kibrom, Weldegebriel Beraki"]
[Black "Altaye, Girum Teklewold"]
[Result "0-1"]
[WhiteElo "1820"]
[BlackElo "1984"]
[PlyCount "41"]
[EventDate "2022.05.02"]
[EventRounds "9"]
[EventCountry "ETH"]

1. d4 d5 2. c4 e6 3. Nc3 Nf6 4. Nf3 Be7 5. Bf4 a6 6. e3 Nbd7 7. h3 O-O 8. Rc1
Re8 9. Bd3 dxc4 10. Bxc4 b5 11. Be2 Bb7 12. O-O c5 13. a4 b4 14. Nb1 Rc8 15.
Nbd2 cxd4 16. exd4 Rxc1 17. Qxc1 Qa8 18. Nc4 Nd5 19. Ne3 Bc6 20. b3 Rc8 21. Qb2
 0-1

[Event "2022 Zone 4.4 Individual Chess Championship(Open)"]
[Site "Addis Ababa"]
[Date "2022.05.04"]
[Round "4"]
[Board "1"]
[White "Nadir, Samir"]
[Black "Tagelsir, Abubaker"]
[Result "1-0"]
[WhiteElo "2177"]
[BlackElo "2202"]
[PlyCount "133"]
[EventDate "2022.05.02"]
[EventRounds "9"]
[EventCountry "ETH"]

{[%evp 0,52,33,18,18,21,55,55,44,36,40,32,43,16,13,17,11,11,11,-10,-14,-22,6,
-6,9,0,16,-9,24,-7,-9,1,-2,-5,24,-42,-3,-16,55,15,61,24,49,24,42,41,52,5,3,25,
43,26,31,24,20]} 1. d4 Nf6 2. Nf3 g6 3. Bf4 Bg7 4. e3 O-O 5. Be2 d6 6. O-O Nh5
7. Bg5 h6 8. Bh4 g5 9. Nfd2 gxh4 10. Bxh5 e5 11. dxe5 dxe5 12. Nc3 Be6 13. Bf3
c6 14. Qe2 Nd7 15. Rfd1 Qe7 16. e4 Rfd8 17. Nc4 Qg5 18. Nd6 Rdb8 19. Kh1 Nf8
20. Rd3 Ng6 21. g3 hxg3 22. fxg3 Bf8 23. b3 Bxd6 24. Rxd6 Kg7 25. Nd1 Rd8 26.
Rxd8 Rxd8 27. Ne3 Rd7 28. Rg1 Kf8 29. h4 Qd8 30. Rg2 Qa5 31. Rf2 Ke8 32. Nf5
Bxf5 33. exf5 Ne7 34. f6 Ng8 35. b4 Qc7 36. Bg4 Rd4 37. Rf5 Kf8 38. Rxe5 Nxf6
39. Bf5 Rd1+ 40. Kg2 Rd2 41. Qxd2 Qxe5 42. Qxh6+ Ke7 43. Bd3 Qd5+ 44. Kg1 Qd4+
45. Kf1 b6 46. Qf4 Qxf4+ 47. gxf4 Nh5 48. Kf2 Nxf4 49. Be4 c5 50. bxc5 bxc5 51.
Ke3 Ne6 52. Kd3 Kd6 53. Kc4 Ng7 54. a4 f5 55. Bf3 Ne6 56. h5 Nd4 57. Bd1 Ne6
58. h6 Ng5 59. Bh5 Ke7 60. Bg6 Nf3 61. Bxf5 Kd6 62. h7 Ne5+ 63. Kb5 Nf7 64. Bg6
Nh8 65. Bh5 Kd5 66. a5 Kd6 67. c4  1-0

[Event "2022 Zone 4.4 Individual Chess Championship(Open)"]
[Site "Addis Ababa"]
[Date "2022.05.04"]
[Round "4"]
[Board "2"]
[White "Tsige, Addisalem Temesgen"]
[Black "Mesfin, Leykun"]
[Result "1/2-1/2"]
[WhiteElo "2069"]
[BlackElo "2102"]
[PlyCount "99"]
[EventDate "2022.05.02"]
[EventRounds "9"]
[EventCountry "ETH"]

{[%evp 0,48,38,21,21,13,13,11,14,44,40,29,29,29,33,32,41,47,39,33,59,1,53,12,
96,88,88,70,86,-27,-23,-57,-61,-61,-54,-59,-24,-35,-18,-63,-48,-49,-15,-80,-40,
-1,11,-58,65,-57,-83]} 1. d4 Nf6 2. Bf4 c5 3. e3 e6 4. Nd2 cxd4 5. exd4 Nc6 6.
c3 d5 7. Bd3 Be7 8. Ngf3 O-O 9. Ne5 Nd7 10. h4 f5 11. Ndf3 Nf6 12. Qe2 Ne4 13.
g3 Bd7 14. Ng5 Nxe5 15. dxe5 Nxg5 16. hxg5 Bxg5 17. O-O-O Be8 18. Kb1 Be7 19.
c4 d4 20. g4 Bg6 21. Bc1 Qe8 22. gxf5 Bxf5 23. Rdg1 Qf7 24. Ka1 Rad8 25. Bh6
Bg6 26. Bxg6 hxg6 27. Qd3 Qf5 28. Qxf5 Rxf5 29. Rxg6 Bf8 30. Rhg1 Rd7 31. Rxe6
Kf7 32. Reg6 Rxe5 33. Bxg7 Rf5 34. Bxf8 Kxf8 35. Rg8+ Ke7 36. R8g7+ Kd6 37.
Rxd7+ Kxd7 38. Rf1 Rf3 39. Kb1 Kd6 40. Kc2 Kc5 41. b3 Kb4 42. Kd2 d3 43. a3+
Kxb3 44. Rb1+ Kxc4 45. Rb4+ Kc5 46. Rxb7 Rxf2+ 47. Kxd3 Rf3+ 48. Kc2 Rxa3 49.
Kb2 Ra6 50. Rh7  1/2-1/2

[Event "2022 Zone 4.4 Individual Chess Championship(Open)"]
[Site "Addis Ababa"]
[Date "2022.05.04"]
[Round "4"]
[Board "3"]
[White "Akmel, Nesru Beshir"]
[Black "Yousuf Omer, Mahamed"]
[Result "1/2-1/2"]
[WhiteElo "1991"]
[BlackElo "1970"]
[PlyCount "97"]
[EventDate "2022.05.02"]
[EventRounds "9"]
[EventCountry "ETH"]

{[%evp 0,41,16,28,25,18,25,30,33,12,12,19,81,79,65,53,44,46,45,17,14,5,3,16,21,
-26,19,4,12,9,25,-144,-124,-124,-8,11,11,12,12,9,63,69,64,76]} 1. e4 e5 2. Nf3
Nf6 3. Nc3 Nc6 4. d4 exd4 5. Nxd4 Nxd4 6. Qxd4 d6 7. Bg5 Be7 8. O-O-O O-O 9. f4
Bg4 10. Re1 c5 11. Qd2 h6 12. Bh4 Qa5 13. Bf2 Be6 14. a3 Rfd8 15. Nb5 Qxd2+ 16.
Kxd2 a6 17. Nc7 Rac8 18. Nxe6 fxe6 19. c4 b5 20. cxb5 axb5 21. Bxb5 d5 22. exd5
Nxd5 23. Kc2 Nxf4 24. g3 Nh3 25. Rxe6 Bf6 26. Be3 Ng5 27. Rc6 Rxc6 28. Bxc6 Ne6
29. Ba4 Kh7 30. Kb1 Rb8 31. Bc2+ g6 32. b3 Nd4 33. Bxd4 Bxd4 34. Rd1 Kg7 35.
Ka2 Kf6 36. b4 Bc3 37. Rd6+ Ke5 38. Rxg6 cxb4 39. Kb3 Bd2 40. a4 Rc8 41. Kb2
Rc3 42. Bb3 Bc1+ 43. Ka2 Be3 44. Re6+ Kf5 45. Re8 Bg1 46. a5 Bxh2 47. Rb8 Rc5
48. g4+ Kg5 49. Rxb4  1/2-1/2

[Event "2022 Zone 4.4 Individual Chess Championship(Open)"]
[Site "Addis Ababa"]
[Date "2022.05.04"]
[Round "4"]
[Board "4"]
[White "Abdelazeez, Mohamed Abdalla"]
[Black "Badene, Habtamu Bayu"]
[Result "1/2-1/2"]
[WhiteElo "2180"]
[BlackElo "1963"]
[PlyCount "99"]
[EventDate "2022.05.02"]
[EventRounds "9"]
[EventCountry "ETH"]

{[%evp 0,86,25,19,26,-16,0,4,23,17,110,60,31,44,41,41,20,-4,10,17,4,-14,-14,
-25,-3,-44,-11,-13,-23,-32,-21,8,0,-12,-15,-17,13,16,16,3,36,12,21,21,10,13,16,
18,16,12,20,20,19,19,16,16,18,17,17,17,32,14,13,16,21,25,25,17,19,24,29,22,29,
33,33,30,33,28,28,-20,32,-24,-41,-116,-53,-78,-68,-159,-39]} 1. d4 Nf6 2. c4 e6
3. Nf3 c5 4. Nc3 a6 5. e4 cxd4 6. Nxd4 Bb4 7. Bd3 Nc6 8. Nxc6 dxc6 9. O-O e5
10. Qc2 O-O 11. Bg5 h6 12. Bh4 Be7 13. Be2 Qc7 14. Na4 Be6 15. f3 Nh5 16. Bf2
Nf4 17. Rfd1 b5 18. cxb5 Nxe2+ 19. Qxe2 cxb5 20. Nb6 Rad8 21. Nd5 Qb7 22. Nxe7+
Qxe7 23. Rdc1 Rc8 24. b3 Rxc1+ 25. Rxc1 Rc8 26. Rxc8+ Bxc8 27. Qc2 Be6 28. Be3
Qd7 29. Kf2 a5 30. Qc3 a4 31. Qxe5 axb3 32. axb3 Bxb3 33. Bd4 f6 34. Qc5 Bc4
35. g4 Kf7 36. h4 Qe7 37. Qc6 Qe6 38. Qc7+ Qe7 39. Qf4 Kg8 40. e5 fxe5 41. Bxe5
Qxh4+ 42. Kg2 Qe1 43. Qd4 Bf1+ 44. Kh2 Qe2+ 45. Kg3 Qg2+ 46. Kf4 g5+ 47. Kf5
Qxf3+ 48. Kg6 Qd3+ 49. Kxh6 Qxd4 50. Bxd4  1/2-1/2

[Event "2022 Zone 4.4 Individual Chess Championship(Open)"]
[Site "Addis Ababa"]
[Date "2022.05.04"]
[Round "4"]
[Board "5"]
[White "Ahmed, Hassan Ahmed"]
[Black "Shiferaw, Yalemzewde Mekonnen"]
[Result "1-0"]
[WhiteElo "2136"]
[BlackElo "1995"]
[PlyCount "53"]
[EventDate "2022.05.02"]
[EventRounds "9"]
[EventCountry "ETH"]

{[%evp 0,53,16,28,27,33,33,13,39,39,26,1,16,16,-3,6,9,13,19,19,9,1,12,13,24,9,
35,35,21,13,19,13,14,5,44,28,46,49,38,17,9,-49,-36,-36,-3,-82,-83,-74,31,-21,
-30,-92,368,393,29995,29996]} 1. d4 Nf6 2. Nf3 e6 3. e3 b6 4. Bd3 Bb7 5. Nbd2
d5 6. O-O Nbd7 7. b3 Bd6 8. Bb2 Ne4 9. c4 O-O 10. cxd5 exd5 11. Ne5 Qe7 12. f4
f6 13. Nxe4 dxe4 14. Bc4+ Kh8 15. Nxd7 Qxd7 16. Qh5 Qe7 17. Rad1 Bc6 18. g4 Qe8
19. Qh3 Bb5 20. Rd2 Bxc4 21. bxc4 Qa4 22. Rg2 Qxc4 23. g5 Qf7 24. g6 Qg8 25.
Rg4 h6 26. Rh4 Rfe8 27. Rxh6+  1-0

[Event "2022 Zone 4.4 Individual Chess Championship(Open)"]
[Site "Addis Ababa"]
[Date "2022.05.04"]
[Round "4"]
[Board "6"]
[White "Abera, Aydagnuhem Gezachew"]
[Black "Bulcha, Petros Olana"]
[Result "1-0"]
[WhiteElo "2097"]
[BlackElo "1965"]
[PlyCount "101"]
[EventDate "2022.05.02"]
[EventRounds "9"]
[EventCountry "ETH"]

{[%evp 0,45,23,-15,-11,-9,0,4,30,17,40,23,87,126,151,78,88,94,76,99,91,52,91,
76,91,61,101,40,97,70,58,-62,-55,-60,-60,-60,-29,-59,-61,-45,-56,-90,-76,-74,
-72,-82,-77,-97]} 1. c4 e6 2. d4 d5 3. Nc3 c6 4. e4 Bb4 5. Bd3 Qh4 6. cxd5 exd5
7. exd5 Qxd4 8. Nge2 Qxd5 9. O-O Qd8 10. Bf4 Ne7 11. Qc2 Ng6 12. Bg3 O-O 13.
Rad1 Qe7 14. Rfe1 Re8 15. Nf4 Qxe1+ 16. Rxe1 Rxe1+ 17. Bf1 Re8 18. Qa4 Bxc3 19.
bxc3 Bf5 20. Qd4 Nxf4 21. Qxf4 Be6 22. Qc7 b6 23. h4 Nd7 24. h5 h6 25. Bh4 Nf8
26. Ba6 Bd7 27. Bb7 Rab8 28. Ba6 Bg4 29. Qxa7 Bxh5 30. Bg3 Rbd8 31. Qxb6 Rd1+
32. Kh2 Ree1 33. Bf4 g5 34. Be3 f5 35. f4 Bf7 36. fxg5 h5 37. Kg3 h4+ 38. Kf2
Rh1 39. Qxc6 h3 40. gxh3 Bd5 41. Bc4 Rhf1+ 42. Kg3 f4+ 43. Kg4 fxe3 44. Bxd5+
Rxd5 45. Qxd5+ Rf7 46. Kh5 Kg7 47. Qe5+ Kh7 48. Qe4+ Kg7 49. Qxe3 Ng6 50. Qd4+
Kh7 51. Qe4  1-0

[Event "2022 Zone 4.4 Individual Chess Championship(Open)"]
[Site "Addis Ababa"]
[Date "2022.05.04"]
[Round "4"]
[Board "7"]
[White "Jimma, Desalegn Fekadu"]
[Black "Njoroge, Martin"]
[Result "1-0"]
[WhiteElo "2057"]
[BlackElo "1932"]
[PlyCount "77"]
[EventDate "2022.05.02"]
[EventRounds "9"]
[EventCountry "ETH"]

{[%evp 0,41,30,30,30,-8,2,0,6,0,76,63,51,56,48,56,61,66,61,28,72,51,56,43,44,
44,55,45,66,51,88,58,94,86,137,82,499,488,560,461,506,458,505,429]} 1. d4 d5 2.
c4 e6 3. Nc3 Be7 4. Bf4 c6 5. e3 Nf6 6. Nf3 Nbd7 7. Bd3 O-O 8. O-O Nh5 9. Bg3
f5 10. Be5 Nxe5 11. dxe5 g6 12. cxd5 cxd5 13. Rc1 Ng7 14. Qb3 Ne8 15. Rc2 Kh8
16. Rfc1 Rb8 17. Nb5 Qb6 18. Rxc8 Ng7 19. Rxf8+ Rxf8 20. Nbd4 Bd8 21. Qxb6 Bxb6
22. Ng5 a6 23. Ngxe6 Nxe6 24. Nxe6 Re8 25. Ng5 Kg7 26. Nf3 Re7 27. Kf1 Bc7 28.
Ke2 Bxe5 29. Nxe5 Rxe5 30. Rc7+ Kh6 31. Rxb7 d4 32. Ra7 dxe3 33. fxe3 f4 34. e4
Rh5 35. h3 Rg5 36. Kf2 Rg3 37. Bc2 Rg5 38. Rxa6 Re5 39. Bd3  1-0

[Event "2022 Zone 4.4 Individual Chess Championship(Open)"]
[Site "Addis Ababa"]
[Date "2022.05.04"]
[Round "4"]
[Board "8"]
[White "Gole, Habtamu Ashenafi"]
[Black "Abdilahi Salah, Mohamed"]
[Result "0-1"]
[WhiteElo "2054"]
[BlackElo "1872"]
[PlyCount "104"]
[EventDate "2022.05.02"]
[EventRounds "9"]
[EventCountry "ETH"]

{[%evp 0,37,28,27,33,-12,6,-23,26,26,61,61,34,29,29,25,17,16,65,49,91,70,63,
105,62,63,76,42,76,54,63,18,72,34,51,0,73,-23,-29,-11]} 1. Nf3 d5 2. g3 Nf6 3.
Bg2 e6 4. O-O g6 5. d4 Bg7 6. c4 O-O 7. Nc3 Nc6 8. Bf4 Nh5 9. Bg5 f6 10. Be3 f5
11. cxd5 exd5 12. Bg5 Bf6 13. h4 Be6 14. Rc1 Qd7 15. Bxf6 Nxf6 16. Ng5 Ne4 17.
Ncxe4 fxe4 18. Nxe6 Qxe6 19. e3 Rf7 20. Qb3 Na5 21. Qb5 b6 22. b3 a6 23. Qe2
Nc6 24. a3 b5 25. Kh2 Qd6 26. a4 bxa4 27. bxa4 Ne7 28. Rc5 Raf8 29. Ra5 Rf6 30.
Kg1 Nf5 31. Rc5 R8f7 32. Qg4 h5 33. Qg5 c6 34. Rfc1 Ne7 35. Qe5 Qxe5 36. dxe5
Rxf2 37. R5c2 Rxc2 38. Rxc2 Rf5 39. Rc5 Rxe5 40. Ra5 Kf7 41. Rxa6 c5 42. a5 d4
43. Rd6 d3 44. a6 c4 45. a7 Ra5 46. Rd4 c3 47. Bxe4 c2 48. Rc4 Rxa7 49. Bxd3
Ra1+ 50. Kf2 c1=Q 51. Be2 Qg1+ 52. Kf3 Nf5  0-1

[Event "2022 Zone 4.4 Individual Chess Championship(Open)"]
[Site "Addis Ababa"]
[Date "2022.05.04"]
[Round "4"]
[Board "9"]
[White "Omar, Abdulrahman"]
[Black "Osman Dahir, Mahamed"]
[Result "1/2-1/2"]
[WhiteElo "2005"]
[BlackElo "1824"]
[PlyCount "37"]
[EventDate "2022.05.02"]
[EventRounds "9"]
[EventCountry "ETH"]

{[%evp 0,37,16,16,31,28,20,-12,0,9,75,62,93,89,107,104,94,62,47,55,36,53,12,27,
13,-3,13,3,13,8,8,-6,-22,-44,-36,-44,-19,-56,346,-142]} 1. Nf3 d5 2. e3 e6 3.
b3 Be7 4. Bb2 Bf6 5. d4 c6 6. Bd3 g6 7. c4 Ne7 8. cxd5 exd5 9. Nbd2 Bf5 10.
Bxf5 Nxf5 11. O-O O-O 12. Qc2 Nd7 13. e4 dxe4 14. Nxe4 Bg7 15. Rad1 Nb6 16.
Rfe1 Re8 17. Ne5 Qc7 18. Ng4 Rad8 19. Ng3 {Game finished at move 47.}  1/2-1/2

[Event "2022 Zone 4.4 Individual Chess Championship(Open)"]
[Site "Addis Ababa"]
[Date "2022.05.04"]
[Round "4"]
[Board "10"]
[White "Hamed, Mohamed"]
[Black "Haitham, Mohammed Abdalrasool"]
[Result "1-0"]
[WhiteElo "2063"]
[BlackElo "1982"]
[PlyCount "124"]
[EventDate "2022.05.02"]
[EventRounds "9"]
[EventCountry "ETH"]

{[%evp 0,58,23,13,27,-9,4,-10,92,39,33,-47,-19,-42,-32,-33,-29,-19,-21,-4,61,
-7,39,-20,4,-16,9,-28,-15,0,1,-136,11,-7,8,-3,18,7,17,3,6,3,70,65,60,65,68,65,
72,76,135,42,44,3,21,14,42,33,25,24,22]} 1. Nf3 Nf6 2. c4 d5 3. cxd5 Nxd5 4.
Nc3 Nc6 5. g3 e5 6. d3 Bb4 7. Bd2 O-O 8. Bg2 Be6 9. O-O h6 10. a3 Bd6 11. b4 a6
12. Qc2 Nde7 13. Ne4 f5 14. Nc5 Bxc5 15. Qxc5 Qd6 16. Qc2 Rad8 17. Bc3 Nd4 18.
Bxd4 exd4 19. Rfc1 c6 20. Qc5 Qxc5 21. bxc5 Bd5 22. Rab1 Bxf3 23. Bxf3 Rd7 24.
Rb4 Ng6 25. Rcb1 Rff7 26. Kf1 Ne5 27. Bg2 Kf8 28. h3 g5 29. Ke1 Rfe7 30. Kd2
Nf7 31. g4 f4 32. Be4 Nd8 33. h4 Rg7 34. hxg5 hxg5 35. Rh1 Ke7 36. Rh6 Nf7 37.
Rh5 Nd8 38. Rh8 Kf6 39. Bf5 Rd5 40. Be4 Rdd7 41. Bf5 Rd5 42. Rh6+ Ke7 43. Rd6
Rxd6 44. cxd6+ Kxd6 45. Rxd4+ Kc7 46. e4 fxe3+ 47. fxe3 b5 48. e4 Nb7 49. e5
Nc5 50. Rd6 a5 51. d4 Nb7 52. Rf6 Nd8 53. Kc3 Nf7 54. Re6 Nd8 55. Re8 Nb7 56.
Rc8+ Kb6 57. Be4 Rc7 58. Rg8 c5 59. Rg6+ Ka7 60. d5 c4 61. d6 Rh7 62. Rg8 Rh3+
 1-0

[Event "2022 Zone 4.4 Individual Chess Championship(Open)"]
[Site "Addis Ababa"]
[Date "2022.05.04"]
[Round "4"]
[Board "11"]
[White "Altaye, Girum Teklewold"]
[Black "Moges, Flower Habtu"]
[Result "1-0"]
[WhiteElo "1984"]
[BlackElo "1836"]
[PlyCount "77"]
[EventDate "2022.05.02"]
[EventRounds "9"]
[EventCountry "ETH"]

1. e4 c6 2. d4 d5 3. exd5 cxd5 4. Bd3 Nc6 5. c3 Nf6 6. h3 e5 7. dxe5 Nxe5 8.
Bc2 Bc5 9. Nf3 Nxf3+ 10. Qxf3 Qe7+ 11. Qe2 Qxe2+ 12. Kxe2 O-O 13. Be3 Re8 14.
Kf3 b6 15. Rd1 Bb7 16. Bd4 Ne4 17. Nd2 f5 18. Nf1 Bd6 19. g3 f4 20. h4 Rf8 21.
g4 Be7 22. Nd2 Rae8 23. Nxe4 dxe4+ 24. Bxe4 Bxe4+ 25. Kxe4 f3 26. Kd3 Bxh4 27.
Re1 Bg5 28. b4 Kf7 29. a4 Kg6 30. a5 Bd8 31. axb6 axb6 32. c4 Kg5 33. Rxe8 Rxe8
34. Ra8 Rf8 35. Bxb6 Be7 36. Rxf8 Bxf8 37. b5 Kxg4 38. Ke4 h5 39. c5  1-0

[Event "2022 Zone 4.4 Individual Chess Championship(Open)"]
[Site "Addis Ababa"]
[Date "2022.05.04"]
[Round "4"]
[Board "12"]
[White "Tolu, Behailu Workneh"]
[Black "Ali Abdullahi, Farah"]
[Result "1-0"]
[WhiteElo "1869"]
[BlackElo "1944"]
[PlyCount "31"]
[EventDate "2022.05.02"]
[EventRounds "9"]
[EventCountry "ETH"]

1. d4 Nf6 2. c4 d5 3. Nc3 g6 4. Bg5 Ne4 5. Bh4 Nxc3 6. bxc3 Bg7 7. e3 c5 8. Nf3
Nc6 9. Be2 O-O 10. O-O dxc4 11. Bxc4 Qc7 12. Rc1 Na5 13. Be2 e6 14. Bg3 Qe7 15.
dxc5 e5 16. Qd6  1-0

[Event "2022 Zone 4.4 Individual Chess Championship(Open)"]
[Site "Addis Ababa"]
[Date "2022.05.04"]
[Round "4"]
[Board "16"]
[White "Regassa, Hunde Eba"]
[Black "Tilahun, Abel Mathewos"]
[Result "0-1"]
[WhiteElo "1717"]
[BlackElo "1951"]
[PlyCount "49"]
[EventDate "2022.05.02"]
[EventRounds "9"]
[EventCountry "ETH"]

1. d4 d5 2. Bf4 Bf5 3. e3 Nf6 4. Nd2 e6 5. Ngf3 Bd6 6. Ne5 O-O 7. Ndf3 c5 8. c3
Nc6 9. Bd3 Ne4 10. Nxc6 bxc6 11. Bg3 Rb8 12. dxc5 Bxg3 13. hxg3 Rxb2 14. Bxe4
Bxe4 15. O-O Qa5 16. Qd4 f6 17. c4 Rb4 18. Rfc1 Rfb8 19. Nd2 Bg6 20. Qc3 Qxc5
21. cxd5 Qxc3 22. Rxc3 cxd5 23. Nb3 Rc4 24. Rcc1 Rbc8 25. Nc5  0-1

[Event "2022 Zone 4.4 Individual Chess Championship(Open)"]
[Site "Addis Ababa"]
[Date "2022.05.04"]
[Round "4"]
[Board "20"]
[White "Mohamed, Ali Dima"]
[Black "Kibrom, Weldegebriel Beraki"]
[Result "1-0"]
[WhiteElo "1542"]
[BlackElo "1820"]
[PlyCount "67"]
[EventDate "2022.05.02"]
[EventRounds "9"]
[EventCountry "ETH"]

1. d4 Nf6 2. Nf3 g6 3. Bf4 Bg7 4. e3 O-O 5. c3 b6 6. Bd3 Bb7 7. Nbd2 d6 8. Qc2
Nbd7 9. h4 c5 10. h5 cxd4 11. hxg6 fxg6 12. exd4 e5 13. dxe5 Nxe5 14. Nxe5 dxe5
15. Be3 Rc8 16. O-O-O Qe8 17. Bc4+ Bd5 18. Bxd5+ Nxd5 19. Qb3 Qf7 20. Bh6 Nf4
21. Ne4 Qxb3 22. axb3 Bxh6 23. Rxh6 Rcd8 24. Rdh1 Nh5 25. Ng5 Rxf2 26. g4 Ng3
27. R1h3 Ne2+ 28. Kb1 Rd7 29. Nxh7 a5 30. g5 Rd1+ 31. Kc2 Rg1 32. Nf6+ Kg7 33.
Ne4 Nd4+ 34. Kd3  1-0

[Event "2022 Zone 4.4 Individual Chess Championship(Open)"]
[Site "Addis Ababa"]
[Date "2022.05.04"]
[Round "5"]
[Board "1"]
[White "Mesfin, Leykun"]
[Black "Nadir, Samir"]
[Result "1/2-1/2"]
[WhiteElo "2102"]
[BlackElo "2177"]
[PlyCount "105"]
[EventDate "2022.05.02"]
[EventRounds "9"]
[EventCountry "ETH"]

{[%evp 0,105,16,28,56,74,57,46,56,54,57,52,70,64,87,94,90,57,61,36,22,-11,-11,
-2,22,17,0,-12,-12,-5,-10,-15,0,-4,0,-5,0,-30,-30,-28,-29,-27,-23,-22,-20,-20,
10,-53,-53,-53,-53,-98,-52,-115,-115,-147,-131,-135,-146,-229,-246,-347,-77,
-77,-77,-86,-86,-103,-103,-138,-70,-146,-90,-99,-207,-235,-49,-49,8,8,8,16,16,
16,16,16,17,17,17,17,18,18,18,18,18,16,16,8,19,17,20,20,20,20,40,24,24,24]} 1.
e4 c6 2. d4 d5 3. e5 Bf5 4. Bd3 Bxd3 5. Qxd3 Qb6 6. Nf3 Qa6 7. Qxa6 Nxa6 8. c3
e6 9. b4 Nc7 10. Bb2 a5 11. a3 Ne7 12. Nbd2 Nc8 13. Kd1 Nb6 14. Kc2 Be7 15.
Rhb1 a4 16. Ne1 O-O 17. Nd3 Nc4 18. Nxc4 dxc4 19. Nc5 b5 20. Ne4 Nd5 21. Bc1 f6
22. exf6 Bxf6 23. Bd2 e5 24. dxe5 Bxe5 25. Re1 Rae8 26. Rad1 Bxh2 27. g3 Rxe4
28. Rxe4 Rxf2 29. g4 Bf4 30. Kc1 Bxd2+ 31. Rxd2 Rf3 32. Re6 Rxc3+ 33. Kd1 Rxa3
34. Rxc6 Ra1+ 35. Ke2 Nf4+ 36. Kf3 Nd3 37. Re2 Re1 38. Rb6 Rxe2 39. Kxe2 a3 40.
Rxb5 a2 41. Ra5 Nxb4 42. Kd2 Kf7 43. Kc3 Nd5+ 44. Kd4 Nf6 45. g5 Nh5 46. Rxa2
Kg6 47. Ra5 Ng3 48. Ke3 c3 49. Rc5 Nf5+ 50. Kf4 Nd4 51. Ke4 Ne6 52. Rc6 Kf7 53.
g6+  1/2-1/2

[Event "2022 Zone 4.4 Individual Chess Championship(Open)"]
[Site "Addis Ababa"]
[Date "2022.05.04"]
[Round "5"]
[Board "2"]
[White "Tagelsir, Abubaker"]
[Black "Akmel, Nesru Beshir"]
[Result "0-1"]
[WhiteElo "2202"]
[BlackElo "1991"]
[PlyCount "63"]
[EventDate "2022.05.02"]
[EventRounds "9"]
[EventCountry "ETH"]

{[%evp 0,63,26,26,74,56,64,29,72,72,70,45,113,57,45,45,65,57,65,65,66,58,92,93,
53,57,102,55,88,63,103,101,106,113,131,96,100,81,65,0,0,-42,-24,-39,-23,-42,
-59,-47,-23,-65,-60,-79,-92,-138,-138,-138,-141,-156,-49,-49,-57,-86,-21,-12,0,
-16]} 1. e4 c6 2. Nc3 d5 3. Nf3 g6 4. d4 Bg7 5. h3 a6 6. a4 dxe4 7. Nxe4 Nf6 8.
Nxf6+ exf6 9. Bc4 O-O 10. O-O Be6 11. Bxe6 fxe6 12. Qd3 Qd7 13. a5 Rd8 14. Qb3
Bf8 15. Re1 Re8 16. Bd2 c5 17. dxc5 Bxc5 18. Rad1 Qf7 19. Re4 Nc6 20. h4 Rad8
21. Qc4 Rd5 22. Rde1 e5 23. b4 Ba7 24. c3 Red8 25. R4e2 Rd3 26. Qxf7+ Kxf7 27.
Kf1 e4 28. Rxe4 Rxd2 29. Nxd2 Rxd2 30. R4e2 Rxe2 31. Kxe2 Ke6 32. Rd1  0-1

[Event "2022 Zone 4.4 Individual Chess Championship(Open)"]
[Site "Addis Ababa"]
[Date "2022.05.04"]
[Round "5"]
[Board "3"]
[White "Yousuf Omer, Mahamed"]
[Black "Ahmed, Hassan Ahmed"]
[Result "1-0"]
[WhiteElo "1970"]
[BlackElo "2136"]
[PlyCount "88"]
[EventDate "2022.05.02"]
[EventRounds "9"]
[EventCountry "ETH"]

1. c4 c5 2. Nc3 g6 3. Nf3 Bg7 4. g3 Nc6 5. Bg2 d6 6. O-O e5 7. d3 Nge7 8. a3
O-O 9. Rb1 a5 10. Nb5 h6 11. Nd2 Be6 12. e4 Qd7 13. Re1 f5 14. exf5 gxf5 15.
Nf3 Ng6 16. h4 Rf7 17. h5 Nge7 18. Nh2 Raf8 19. Bd2 d5 20. b3 dxc4 21. dxc4 e4
22. Bf4 Nd4 23. a4 Nec6 24. f3 Be5 25. Bxe5 Nxe5 26. fxe4 f4 27. Nxd4 cxd4 28.
gxf4 Rxf4 29. Rf1 d3 30. Rxf4 Rxf4 31. Qd2 Qd4+ 32. Kh1 Qf2 33. Qxf2 Rxf2 34.
Kg1 Rc2 35. Nf1 Kg7 36. Ne3 Re2 37. Nf1 Bg4 38. b4 Nxc4 39. bxa5 Nxa5 40. e5 d2
41. Nxd2 Rxd2 42. Rb5 Nc6 43. Rxb7+ Kf8 44. Bxc6 Bxh5  1-0

[Event "2022 Zone 4.4 Individual Chess Championship(Open)"]
[Site "Addis Ababa"]
[Date "2022.05.04"]
[Round "5"]
[Board "4"]
[White "Badene, Habtamu Bayu"]
[Black "Abera, Aydagnuhem Gezachew"]
[Result "1/2-1/2"]
[WhiteElo "1963"]
[BlackElo "2097"]
[PlyCount "68"]
[EventDate "2022.05.02"]
[EventRounds "9"]
[EventCountry "ETH"]

1. e4 e5 2. Nf3 Nc6 3. Bb5 Nf6 4. O-O Nxe4 5. d4 Nd6 6. Bxc6 dxc6 7. dxe5 Nf5
8. Qxd8+ Kxd8 9. Bg5+ Ke8 10. Nc3 h6 11. Bf4 Be6 12. h3 Bb4 13. Bd2 Rd8 14. a3
Be7 15. Rad1 Nh4 16. Nxh4 Bxh4 17. Ne4 b6 18. Bc3 Rd7 19. g3 Be7 20. Kg2 Kd8
21. f4 Rxd1 22. Rxd1+ Kc8 23. g4 h5 24. f5 Bd5 25. Kf3 hxg4+ 26. hxg4 Rh3+ 27.
Kf4 Rh2 28. Rd2 Rxd2 29. Nxd2 Kd7 30. e6+ fxe6 31. Bxg7 exf5 32. gxf5 Ke8 33.
Ne4 Bd6+ 34. Be5 Ke7  1/2-1/2

[Event "2022 Zone 4.4 Individual Chess Championship(Open)"]
[Site "Addis Ababa"]
[Date "2022.05.04"]
[Round "5"]
[Board "5"]
[White "Abdilahi Salah, Mohamed"]
[Black "Tsige, Addisalem Temesgen"]
[Result "0-1"]
[WhiteElo "1872"]
[BlackElo "2069"]
[PlyCount "49"]
[EventDate "2022.05.02"]
[EventRounds "9"]
[EventCountry "ETH"]

1. e4 c5 2. c4 g6 3. d3 Bg7 4. Nc3 Nc6 5. Nf3 Nf6 6. Be2 d6 7. O-O O-O 8. d4
cxd4 9. Nxd4 Bd7 10. Be3 Nxd4 11. Qxd4 Ng4 12. Qd2 Nxe3 13. Qxe3 Bc6 14. Bf3 a5
15. Rab1 h5 16. h3 Kh7 17. Nd5 Bh6 18. Qe2 e6 19. Ne3 Qh4 20. Kh2 a4 21. g3 Qf6
22. a3 Qe5 23. h4 Rg8 24. Bg2 Qc5 25. f4  0-1

[Event "2022 Zone 4.4 Individual Chess Championship(Open)"]
[Site "Addis Ababa"]
[Date "2022.05.04"]
[Round "5"]
[Board "6"]
[White "Jimma, Desalegn Fekadu"]
[Black "Hamed, Mohamed"]
[Result "1-0"]
[WhiteElo "2057"]
[BlackElo "2063"]
[PlyCount "34"]
[EventDate "2022.05.02"]
[EventRounds "9"]
[EventCountry "ETH"]

1. d4 g6 2. c4 Bg7 3. Nc3 c5 4. e3 Nf6 5. Nf3 O-O 6. Be2 cxd4 7. exd4 d5 8. h3
Nc6 9. O-O h6 10. Be3 Be6 11. c5 Ne4 12. Qc1 Kh7 13. Rd1 f5 14. Bb5 Rc8 15.
Bxc6 bxc6 16. Bf4 g5 17. Be3 Qe8  1-0

[Event "2022 Zone 4.4 Individual Chess Championship(Open)"]
[Site "Addis Ababa"]
[Date "2022.05.04"]
[Round "5"]
[Board "7"]
[White "Osman Dahir, Mahamed"]
[Black "Abdelazeez, Mohamed Abdalla"]
[Result "0-1"]
[WhiteElo "1824"]
[BlackElo "2180"]
[PlyCount "70"]
[EventDate "2022.05.02"]
[EventRounds "9"]
[EventCountry "ETH"]

{[%evp 0,1,21,14]} 1. d4 Nf6 2. c4 e6 3. a3 b6 4. f3 d5 5. Nc3 Bb7 6. Bg5 Be7
7. e3 Nbd7 8. Bd3 c5 9. Nge2 O-O 10. O-O Rc8 11. cxd5 Nxd5 12. Bxe7 Qxe7 13.
Qd2 cxd4 14. Nxd5 Bxd5 15. Nxd4 g6 16. e4 Bb7 17. Qf2 Nc5 18. Bc2 e5 19. Ne2
Ba6 20. Rfd1 Bxe2 21. Qxe2 Ne6 22. Qf2 Qg5 23. Kh1 Rfd8 24. Rxd8+ Rxd8 25. Rd1
Rxd1+ 26. Bxd1 Nd4 27. f4 Qxf4 28. Qxf4 exf4 29. Kg1 Kg7 30. Kf2 Kf6 31. Bf3
Ke5 32. h3 Nb3 33. Ke2 Kd4 34. Kd1 Nc5 35. b4 Nxe4  0-1